| 000 | 00764nam a2200265 a 4500 | ||
|---|---|---|---|
| 001 | BRL_255 | ||
| 005 | 20190320210645.0 | ||
| 008 | 150713s1989----si-a######---#000-0#eng-# | ||
| 020 | _a0790001160 | ||
| 041 | _aeng | ||
| 044 | _asi | ||
| 050 | 4 |
_aNK9793 _b.P45 1989 |
|
| 100 | 1 |
_aPhillipps, W. J. _d1893- _q(William John) _923373 |
|
| 245 | 1 | 0 |
_aMaori Carving Illustrated _cby W. J. Phillipps ; with revisions by D. R. Simmons. |
| 250 | _a3 | ||
| 260 |
_aSingapur _bHeinemann Reed _creimp. 1989 |
||
| 300 |
_a48 p. _bil. _c25 cm. |
||
| 500 | _aAu12 | ||
| 650 | 1 | 4 |
_aTalla en madera Maori _923374 |
| 650 | 1 | 4 |
_aDecoración y ornamentación Maori _923375 |
| 650 | 1 | 4 |
_aArte primitivo _97001 |
| 700 | 1 |
_aSimmons, D. R. _923376 |
|
| 902 | _aGRL | ||
| 942 |
_2lcc _cB |
||
| 999 |
_c9068 _d9068 |
||